000 00327nam a2200133Ia 4500
008 191201s2010 xx 000 0 und d
100 _aBHARDWAJ,Neeraj
245 0 _aEngineering Mathematics 1st sem
250 _a1st
260 _aMeerut
_bPragati Prakashan Meerut
_c2010
300 _a538
650 _aApplied
942 _2ddc
_cBK
999 _c503
_d503